000
00191nam a2200097Ia 4500
100
_a
#N/A
942
_c
BK
245
_a
KNOW YOUR OSCI SCOPE
260
_b
#N/A
_a
MARGADARSHAN
546
_a
ENGLISH
999
_c
34483
_d
34483